| 000 | 00390nam a22001577a 4500 | ||
|---|---|---|---|
| 005 | 20240613152729.0 | ||
| 008 | 240613b |||||||| |||| 00| 0 eng d | ||
| 082 |
_a954.9143 _bKAN-T |
||
| 100 | _aKanhaiya Lal | ||
| 245 |
_aTareekh-e-Lahore / _cby Kanhaiya Lal |
||
| 260 | _aLahore : | ||
| 300 |
_a429 p. _c30 cm. |
||
| 500 | _aWritten in Urdu. | ||
| 650 | _aArchitecture | ||
| 999 |
_c35933 _d35933 |
||